[Event "VL 2017/18"]
[Site "Mecklenburg-Vorpommern"]
[Date "2018.03.18"]
[Round "7.5"]
[White "Kunow, Frank"]
[Black "Jeske, Holger"]
[Result "1/2-1/2"]
[WhiteElo "1875"]
[BlackElo "1832"]
[PlyCount "107"]
[EventDate "2017.??.??"]
[EventType "team-tourn"]
[EventRounds "9"]
[SourceDate "2017.10.08"]
[WhiteTeam "SG Neubrandenburg"]
[BlackTeam "SSC Rostock 07"]

1. c4 f5 2. Nf3 d6 3. d4 Nf6 4. g3 c6 5. Bg2 Qc7 6. Nc3 e5 7. dxe5 dxe5 8. e4
Be6 9. Qe2 fxe4 10. Nxe4 Nxe4 11. Qxe4 Bb4+ 12. Bd2 Bxd2+ 13. Nxd2 O-O 14. O-O
Nd7 15. b3 Bf5 16. Qe3 a5 17. c5 Be6 18. a3 Bd5 19. Ne4 Nf6 20. Nxf6+ gxf6 21.
f4 Rae8 22. Bxd5+ cxd5 23. fxe5 Qxe5 24. Qf2 Qc3 25. Rab1 d4 26. Rfc1 Qe3 27.
Re1 Qxf2+ 28. Kxf2 Re5 29. b4 Rf7 30. Red1 Rd7 31. Rd3 Kf7 32. Rbd1 axb4 33.
axb4 Red5 34. h3 h5 35. Ra1 Ke6 36. Re1+ Re5 37. Red1 Re4 38. Kf3 f5 39. Rc1
Rc7 40. Ra1 Kd5 41. Ra8 Kc4 42. Rda3 Rce7 43. b5 Kxc5 44. Rf8 Kb4 45. Rfa8 Re3+
46. Rxe3 Rxe3+ 47. Kf4 Re7 48. Rd8 Kc4 49. Kxf5 d3 50. g4 hxg4 51. hxg4 Re2 52.
g5 d2 53. g6 Rg2 54. Kf6 1/2-1/2

[Event "VL 2017/18"]
[Site "Mecklenburg-Vorpommern"]
[Date "2018.03.18"]
[Round "7.6"]
[White "Worm, Alfred"]
[Black "Witkowski, Rainer"]
[Result "1-0"]
[WhiteElo "1607"]
[BlackElo "1849"]
[PlyCount "25"]
[EventDate "2017.??.??"]
[EventType "team-tourn"]
[EventRounds "9"]
[SourceDate "2017.10.08"]
[WhiteTeam "SSC Rostock 07"]
[BlackTeam "SG Neubrandenburg"]

1. e4 e6 2. d4 d5 3. Nc3 dxe4 4. Nxe4 Nd7 5. Nf3 Ngf6 6. Nxf6+ Nxf6 7. Bc4 Be7
8. O-O O-O 9. Ne5 Nd7 10. Qg4 Nxe5 11. dxe5 c5 12. Bh6 f5 13. Qxg7# 1-0

[Event "VL 2017/18"]
[Site "Mecklenburg-Vorpommern"]
[Date "2018.03.18"]
[Round "7.7"]
[White "Winkler, Karl"]
[Black "Wurst, Benedikt"]
[Result "1-0"]
[WhiteElo "1829"]
[BlackElo "1593"]
[PlyCount "79"]
[EventDate "2017.??.??"]
[EventType "team-tourn"]
[EventRounds "9"]
[SourceDate "2017.10.08"]
[WhiteTeam "SG Neubrandenburg"]
[BlackTeam "SSC Rostock 07"]

1. e4 e5 2. d4 exd4 3. Qxd4 Nc6 4. Qe3 d6 5. Nc3 Nf6 6. Bd2 Be7 7. O-O-O O-O 8.
Bc4 Ng4 9. Qe1 Nge5 10. Be2 Nd4 11. Be3 Nxe2+ 12. Qxe2 c6 13. f4 Ng6 14. Nf3
Qc7 15. h4 b5 16. h5 Nh8 17. Rdg1 Bg4 18. Qf2 b4 19. Na4 Rfc8 20. f5 Bxf3 21.
gxf3 c5 22. Qg2 Bf8 23. Bh6 f6 24. Bxg7 Qxg7 25. Qh2 Ng6 26. hxg6 h6 27. Qd2
Rd8 28. Qd5+ Kh8 29. b3 Qe7 30. Nb2 Bg7 31. Nd3 a5 32. Nf4 a4 33. Ne6 Rdc8 34.
Kb2 axb3 35. axb3 Ra3 36. Ra1 Rxa1 37. Rxa1 Qd7 38. Ra8 Qe8 39. Rxc8 Qxc8 40.
Nxg7 1-0

[Event "VL 2017/18"]
[Site "Mecklenburg-Vorpommern"]
[Date "2018.03.18"]
[Round "7.8"]
[White "Krautschick, Clemens"]
[Black "Leisner, Ekkehardt"]
[Result "1/2-1/2"]
[WhiteElo "1831"]
[BlackElo "1779"]
[PlyCount "91"]
[EventDate "2017.??.??"]
[EventType "team-tourn"]
[EventRounds "9"]
[SourceDate "2017.10.08"]
[WhiteTeam "SSC Rostock 07"]
[BlackTeam "SG Neubrandenburg"]

1. e4 c5 2. g3 Nc6 3. Bg2 Nf6 4. Nc3 e6 5. Nge2 Be7 6. O-O O-O 7. d4 cxd4 8.
Nxd4 a6 9. a4 Qc7 10. Be3 Na5 11. Nb3 Nc4 12. Qc1 Nxe3 13. Qxe3 Rb8 14. Qe2 d6
15. f4 Nd7 16. f5 Ne5 17. fxe6 fxe6 18. Rxf8+ Bxf8 19. Rf1 Bd7 20. Qf2 b5 21.
axb5 axb5 22. Nd4 Be7 23. Bh3 Qc4 24. Nce2 Rf8 25. Qe1 Rxf1+ 26. Qxf1 Bf6 27.
b3 Qc8 28. Qf2 Kf7 29. Nf4 Qa8 30. Bxe6+ Bxe6 31. Nfxe6 Ke7 32. Qf5 g6 33. Qf4
Qa7 34. Kg2 Qb7 35. Ng5 Nf7 36. Nxf7 Kxf7 37. Nf3 Ke7 38. Qe3 Qc7 39. Qd3 Qc5
40. c4 bxc4 41. bxc4 Qb6 42. Ne1 Qb2+ 43. Nc2 Be5 44. Qe2 Bd4 45. Qd3 Bc5 46.
Qe2 1/2-1/2

[Event "VL 2017/18"]
[Site "Mecklenburg-Vorpommern"]
[Date "2018.03.18"]
[Round "7.1"]
[White "Reyer, Ulli"]
[Black "Ruesch, Hans Joachim"]
[Result "1-0"]
[WhiteElo "2056"]
[BlackElo "1998"]
[PlyCount "61"]
[EventDate "2017.??.??"]
[EventType "team-tourn"]
[EventRounds "9"]
[SourceDate "2017.10.08"]
[WhiteTeam "Greifswalder SV II"]
[BlackTeam "SFO Warnemuende"]

1. e4 g6 2. d4 Bg7 3. Nc3 d6 4. f4 Nc6 5. Be3 Nf6 6. Nf3 Ng4 7. Bg1 e5 8. fxe5
dxe5 9. d5 Nb8 10. h3 Nf6 11. Be3 O-O 12. Be2 c6 13. O-O cxd5 14. exd5 e4 15.
Ne5 Nxd5 16. Nxf7 Nxc3 17. Nxd8 Nxd1 18. Bc4+ Kh8 19. Raxd1 Rxf1+ 20. Rxf1 h6
21. Nf7+ Kh7 22. Nxh6 Nc6 23. Bg8+ Kh8 24. Bd5 Bd7 25. Rf7 Ne5 26. Re7 Rf8 27.
Nf7+ Nxf7 28. Rxd7 Rd8 29. Rxd8+ Nxd8 30. c3 b6 31. Bg5 1-0

[Event "VL 2017/18"]
[Site "Mecklenburg-Vorpommern"]
[Date "2018.03.18"]
[Round "7.3"]
[White "Schwahn, Christian"]
[Black "Boecking, Uwe"]
[Result "1-0"]
[WhiteElo "1950"]
[BlackElo "1719"]
[PlyCount "71"]
[EventDate "2017.??.??"]
[EventType "team-tourn"]
[EventRounds "9"]
[SourceDate "2017.10.08"]
[WhiteTeam "Greifswalder SV II"]
[BlackTeam "SFO Warnemuende"]

1. d4 Nf6 2. Nf3 e6 3. g3 c5 4. Bg2 Nc6 5. O-O cxd4 6. Nxd4 Be7 7. c4 O-O 8.
Nc3 a6 9. e4 Qc7 10. Nxc6 dxc6 11. Be3 c5 12. f4 Bd7 13. e5 Ne8 14. Rf2 Bc6 15.
Nd5 exd5 16. cxd5 Rd8 17. Rd2 Bd7 18. d6 Bxd6 19. exd6 Qc8 20. Rc1 Bg4 21. Rxc5
Qxc5 22. Bxc5 Bxd1 23. Rxd1 Rd7 24. Bxb7 Nxd6 25. Bxa6 Rfd8 26. Re1 Nf5 27. Bf1
h5 28. b4 Rd1 29. Rxd1 Rxd1 30. a4 h4 31. gxh4 Nxh4 32. a5 Nf3+ 33. Kf2 Nd4 34.
a6 Rd2+ 35. Ke3 Nb3 36. a7 1-0

[Event "VL 2017/18"]
[Site "Mecklenburg-Vorpommern"]
[Date "2018.03.18"]
[Round "7.4"]
[White "Herholz, Holger"]
[Black "Dombrowski, Frank"]
[Result "1/2-1/2"]
[WhiteElo "1766"]
[BlackElo "1956"]
[PlyCount "53"]
[EventDate "2017.??.??"]
[EventType "team-tourn"]
[EventRounds "9"]
[SourceDate "2017.10.08"]
[WhiteTeam "SFO Warnemuende"]
[BlackTeam "Greifswalder SV II"]

1. d4 c6 2. c4 d5 3. e3 Nf6 4. Nc3 e6 5. a3 Nbd7 6. Nf3 Be7 7. cxd5 cxd5 8. Be2
O-O 9. O-O a6 10. Bd2 b5 11. Na2 Bb7 12. Bb4 Nb6 13. Bxe7 Qxe7 14. Ne5 Rfc8 15.
f3 Nc4 16. Nxc4 bxc4 17. Nc3 Qc7 18. f4 Bc6 19. Qc2 Rab8 20. Rab1 Rb3 21. Qd2
Rcb8 22. Bd1 R3b6 23. g4 Be8 24. g5 Nd7 25. f5 Qb7 26. Na4 Rb5 27. f6 1/2-1/2

[Event "VL 2017/18"]
[Site "Mecklenburg-Vorpommern"]
[Date "2018.03.18"]
[Round "7.5"]
[White "Nauschuetz, Ernst"]
[Black "Staben, Norbert"]
[Result "0-1"]
[WhiteElo "1849"]
[BlackElo "1706"]
[PlyCount "66"]
[EventDate "2017.??.??"]
[EventType "team-tourn"]
[EventRounds "9"]
[SourceDate "2017.10.08"]
[WhiteTeam "Greifswalder SV II"]
[BlackTeam "SFO Warnemuende"]

1. c4 g6 2. g3 Bg7 3. Bg2 Nf6 4. Nc3 O-O 5. e4 d6 6. Nge2 Nc6 7. O-O Bg4 8. f3
Bd7 9. d4 Qc8 10. Be3 a6 11. Qd2 Bh3 12. Rac1 Bxg2 13. Kxg2 e5 14. Nd5 Nd7 15.
b4 Qd8 16. dxe5 Ncxe5 17. Ndf4 b5 18. cxb5 axb5 19. Qc2 Nc4 20. Bf2 c6 21. Nd4
Qc7 22. Nb3 Ra4 23. Nd3 Nde5 24. Nxe5 Bxe5 25. Nd2 Rxb4 26. Nxc4 Rxc4 27. Qb3
Rxc1 28. Rxc1 Qb7 29. f4 Bg7 30. Rd1 Rd8 31. Bc5 d5 32. exd5 Rxd5 33. Kf3 Rxc5
0-1

[Event "VL 2017/18"]
[Site "Mecklenburg-Vorpommern"]
[Date "2018.03.18"]
[Round "7.6"]
[White "Fenske, Harald"]
[Black "Kriese, Ralf"]
[Result "0-1"]
[WhiteElo "1616"]
[BlackElo "1764"]
[PlyCount "91"]
[EventDate "2017.??.??"]
[EventType "team-tourn"]
[EventRounds "9"]
[SourceDate "2017.10.08"]
[WhiteTeam "SFO Warnemuende"]
[BlackTeam "Greifswalder SV II"]

1. e4 e6 2. d4 d5 3. exd5 exd5 4. a3 Bd6 5. Nc3 c6 6. h3 Bf5 7. Bd3 Bxd3 8.
Qxd3 Nf6 9. Nf3 O-O 10. O-O Nbd7 11. Be3 Qc7 12. Rad1 Rfe8 13. Rfe1 Re7 14. Ne2
Rae8 15. c3 Ne4 16. b4 a6 17. c4 dxc4 18. Qxc4 Ndf6 19. Qd3 Nd5 20. Bg5 Nxg5
21. Nxg5 g6 22. Nf3 a5 23. Nc3 Rxe1+ 24. Nxe1 axb4 25. Nxd5 cxd5 26. axb4 Bxb4
27. Nf3 Bf8 28. Qb5 Qc6 29. Qb3 f6 30. Rb1 Rb8 31. Nd2 b5 32. Qe3 b4 33. Re1
Kf7 34. Nf3 Re8 35. Qd2 Rxe1+ 36. Qxe1 b3 37. Qd2 Qc2 38. Qf4 b2 39. Ng5+ Kg8
40. Qxf6 Qc1+ 41. Kh2 Qc7+ 42. g3 b1=Q 43. Qe6+ Kg7 44. Qxd5 Qe7 45. Ne6+ Kh6
46. h4 0-1

[Event "VL 2017/18"]
[Site "Mecklenburg-Vorpommern"]
[Date "2018.03.18"]
[Round "7.7"]
[White "Sichler, Jakob"]
[Black "Schmidt, Reinhard"]
[Result "1-0"]
[WhiteElo "1595"]
[BlackElo "1773"]
[PlyCount "79"]
[EventDate "2017.??.??"]
[EventType "team-tourn"]
[EventRounds "9"]
[SourceDate "2017.10.08"]
[WhiteTeam "Greifswalder SV II"]
[BlackTeam "SFO Warnemuende"]

1. e4 c5 2. Nf3 Nc6 3. d4 cxd4 4. Nxd4 d6 5. Bc4 Nf6 6. Nxc6 bxc6 7. Nc3 Nd7 8.
O-O Ne5 9. Be2 e6 10. Be3 Be7 11. f4 Ng6 12. Bf3 O-O 13. g3 d5 14. h4 Bb4 15.
Ne2 Ba6 16. exd5 exd5 17. h5 Re8 18. Bf2 Nf8 19. h6 Ne6 20. Kg2 Qf6 21. c3 Bc5
22. Bxc5 Nxc5 23. hxg7 Qxg7 24. Rh1 Ne6 25. Rh4 f5 26. Qc2 Qf6 27. Rah1 Re7 28.
Ng1 Rf8 29. Rh6 Qg7 30. R6h4 Qg6 31. Bh5 Qf6 32. Nf3 Rg7 33. Kf2 Nc5 34. Ng5 h6
35. Bf7+ Rfxf7 36. Rxh6 Rxg5 37. Rxf6 Ne4+ 38. Qxe4 dxe4 39. fxg5 Rd7 40. Rg6+
1-0

[Event "VL 2017/18"]
[Site "Mecklenburg-Vorpommern"]
[Date "2018.03.18"]
[Round "7.8"]
[White "Vladov, Mark"]
[Black "Rosenstock, Ruben"]
[Result "0-1"]
[WhiteElo "1615"]
[BlackElo "1384"]
[PlyCount "60"]
[EventDate "2017.??.??"]
[EventType "team-tourn"]
[EventRounds "9"]
[SourceDate "2017.10.08"]
[WhiteTeam "SFO Warnemuende"]
[BlackTeam "Greifswalder SV II"]

1. c4 c5 2. Nf3 Nf6 3. Nc3 g6 4. g3 Bg7 5. Bg2 O-O 6. O-O d6 7. e3 Bd7 8. d4
cxd4 9. Nxd4 Nc6 10. Rb1 Qc8 11. Qe2 Bh3 12. b4 Bxg2 13. Kxg2 Ne5 14. Nd5 Re8
15. Nb5 Qc6 16. e4 Nxc4 17. Nbc7 Nxd5 18. Nxd5 b5 19. Rb3 e6 20. Nc3 a5 21.
bxa5 Nxa5 22. Qxb5 Qxb5 23. Nxb5 Nxb3 24. axb3 Red8 25. Rd1 Ra1 26. Bg5 Rxd1
27. Bxd8 d5 28. Ba5 dxe4 29. Nc3 Bxc3 30. Bxc3 Rd3 0-1

[Event "VL 2017/18"]
[Site "Mecklenburg-Vorpommern"]
[Date "2018.03.18"]
[Round "7.1"]
[White "Schmekel, Florian"]
[Black "Focke, Adrian"]
[Result "1-0"]
[WhiteElo "2040"]
[BlackElo "1900"]
[PlyCount "95"]
[EventDate "2017.??.??"]
[EventType "team-tourn"]
[EventRounds "9"]
[SourceDate "2017.10.08"]
[WhiteTeam "SAV Torgelow"]
[BlackTeam "SF Schwerin III"]

1. d4 Nf6 2. c4 e6 3. Nf3 Bb4+ 4. Bd2 c5 5. Bxb4 cxb4 6. g3 O-O 7. Bg2 d6 8.
O-O Nc6 9. Qc2 Qc7 10. Nbd2 e5 11. Ne4 Qe7 12. Nxf6+ Qxf6 13. d5 Nb8 14. Qd2 a5
15. a3 Na6 16. axb4 Nxb4 17. Ne1 b6 18. Nd3 Nxd3 19. Qxd3 Bd7 20. e4 Qe7 21.
Rfc1 Rfc8 (21... f5) 22. Bf1 Qd8 23. Qe3 Qc7 24. b3 f6 25. Rcb1 Qc5 26. Qd2 Qb4
27. Qe2 Rf8 28. Rb2 Rfb8 29. Rc1 Rf8 30. Rcc2 Rae8 31. h4 Qc5 32. Kh2 Re7 33.
Qd2 Ree8 34. b4 Qc7 35. c5 dxc5 36. bxa5 bxa5 37. d6 Qa7 38. Qd5+ Be6 39. Qxc5
Qxc5 40. Rxc5 Ra8 41. Bh3 Bxh3 42. Kxh3 Rfd8 43. Rc7 a4 44. Rbb7 a3 45. Rxg7+
Kf8 46. Rxh7 Kg8 47. Rbg7+ Kf8 48. h5 1-0

[Event "VL 2017/18"]
[Site "Mecklenburg-Vorpommern"]
[Date "2018.03.18"]
[Round "7.2"]
[White "Schumacher, Ole"]
[Black "Zentgraf, Robert"]
[Result "1-0"]
[WhiteElo "1835"]
[BlackElo "2107"]
[PlyCount "47"]
[EventDate "2017.??.??"]
[EventType "team-tourn"]
[EventRounds "9"]
[SourceDate "2017.10.08"]
[WhiteTeam "SF Schwerin III"]
[BlackTeam "SAV Torgelow"]

1. d4 Nf6 2. c4 g6 3. Nc3 Bg7 4. e4 d6 5. Nf3 O-O 6. h3 e5 7. d5 Nh5 8. g3 f5
9. exf5 gxf5 10. Bg5 Qe8 11. Be2 f4 12. g4 e4 13. Nd4 Qe5 14. gxh5 Qxg5 15. Bg4
e3 16. Bxc8 exf2+ 17. Kxf2 Qg3+ 18. Kf1 Rxc8 19. Nf5 Rf8 20. Nxg3 fxg3+ 21. Kg2
Rf2+ 22. Kxg3 Rxb2 23. Qg4 h6 24. Rh2 1-0

[Event "VL 2017/18"]
[Site "Mecklenburg-Vorpommern"]
[Date "2018.03.18"]
[Round "7.3"]
[White "Bauer, Norbert"]
[Black "Kross, Gunnar"]
[Result "1/2-1/2"]
[WhiteElo "1979"]
[BlackElo "1970"]
[PlyCount "86"]
[EventDate "2017.??.??"]
[EventType "team-tourn"]
[EventRounds "9"]
[SourceDate "2017.10.08"]
[WhiteTeam "SAV Torgelow"]
[BlackTeam "SF Schwerin III"]

1. d4 e6 2. e4 d5 3. Nc3 dxe4 4. Nxe4 Nd7 5. Nf3 Ngf6 6. Bg5 Be7 7. Nxf6+ Nxf6
8. Bd3 h6 9. Bxf6 Bxf6 10. Qe2 c6 11. c3 b6 12. O-O Bb7 13. Rad1 Qc7 14. c4 O-O
15. Qe4 g6 16. c5 Rfd8 17. Bc4 Rd7 18. Ne5 Bxe5 19. dxe5 Rad8 20. Rd6 bxc5 21.
Rxd7 Qxd7 22. b3 Qd4 23. Qe2 Qd2 24. Qxd2 Rxd2 25. a4 Kg7 26. f4 Bc8 27. h4 f6
28. Re1 f5 29. Re2 Rxe2 30. Bxe2 g5 31. hxg5 hxg5 32. g3 g4 33. a5 Kf7 34. Kf2
Ke7 35. Ke3 Kd7 36. Kd2 c4 37. Bxc4 Kc7 38. b4 Bd7 39. Kc3 Bc8 40. Kd4 Bd7 41.
Kc5 Bc8 42. Bf1 Bd7 43. Bc4 Bc8 1/2-1/2

[Event "VL 2017/18"]
[Site "Mecklenburg-Vorpommern"]
[Date "2018.03.18"]
[Round "7.4"]
[White "Fischer, Torsten"]
[Black "Ehlers, Michael"]
[Result "1-0"]
[WhiteElo "1955"]
[BlackElo "1858"]
[PlyCount "85"]
[EventDate "2017.??.??"]
[EventType "team-tourn"]
[EventRounds "9"]
[SourceDate "2017.10.08"]
[WhiteTeam "SF Schwerin III"]
[BlackTeam "SAV Torgelow"]

1. e4 c5 2. Nf3 e6 3. d4 cxd4 4. Nxd4 Nf6 5. Nc3 Bb4 6. Bd3 Nc6 7. Nxc6 bxc6 8.
Bd2 e5 9. a3 Bc5 10. Qf3 O-O 11. g4 Rb8 12. g5 Ne8 13. Rg1 g6 14. Na4 Be7 15.
Bc4 d5 16. exd5 e4 17. Qxe4 Nd6 18. Qd4 Nxc4 19. Qxc4 cxd5 20. Qd4 Re8 21.
O-O-O Bd6 22. Bc3 Be5 23. Qxd5 Qxd5 24. Rxd5 Bxh2 25. Re1 Rxe1+ 26. Bxe1 Bf5
27. Bd2 Rc8 28. Nc5 Kf8 29. b4 Ke7 30. Be3 f6 31. Rd1 Be5 32. Rh1 h5 33. gxh6
g5 34. h7 Rh8 35. Na6 Be4 36. Re1 Bb7 37. Nc5 Bf3 38. Bxg5 Rxh7 39. Rxe5+ Kd6
40. Re6+ Kd5 41. Rxf6 Bg4 42. Kd2 Rh1 43. c4+ 1-0

[Event "VL 2017/18"]
[Site "Mecklenburg-Vorpommern"]
[Date "2018.03.18"]
[Round "7.5"]
[White "Troemer, Felix"]
[Black "Kutschke, Peter"]
[Result "0-1"]
[WhiteElo "1553"]
[BlackElo "1933"]
[PlyCount "46"]
[EventDate "2017.??.??"]
[EventType "team-tourn"]
[EventRounds "9"]
[SourceDate "2017.10.08"]
[WhiteTeam "SAV Torgelow"]
[BlackTeam "SF Schwerin III"]

1. e4 d5 2. exd5 Nf6 3. d4 Nxd5 4. c4 Nb6 5. h3 e5 6. d5 Bc5 7. Qd2 a5 8. Nc3
O-O 9. Qc2 c6 10. Be3 Bxe3 11. fxe3 Nxc4 12. Bxc4 Qh4+ 13. g3 Qxc4 14. O-O-O
cxd5 15. Rxd5 Nc6 16. a3 Be6 17. Rd2 b5 18. Nf3 h6 19. Rd6 Qc5 20. Rd3 Rac8 21.
Rh2 b4 22. Nd5 Qxc2+ 23. Rxc2 e4 0-1

[Event "VL 2017/18"]
[Site "Mecklenburg-Vorpommern"]
[Date "2018.03.18"]
[Round "7.6"]
[White "Kupfernagel, Michael"]
[Black "Kasel, Alexander"]
[Result "1-0"]
[WhiteElo "1935"]
[BlackElo "1668"]
[PlyCount "79"]
[EventDate "2017.??.??"]
[EventType "team-tourn"]
[EventRounds "9"]
[SourceDate "2017.10.08"]
[WhiteTeam "SF Schwerin III"]
[BlackTeam "SAV Torgelow"]

1. d4 Nf6 2. Nc3 e6 3. e4 c5 4. d5 exd5 5. exd5 d6 6. Nf3 a6 7. a4 Bg4 8. Be2
Be7 9. O-O O-O 10. h3 Bh5 11. Bf4 Nbd7 12. Re1 Re8 13. Qd2 Nb6 14. b3 Rc8 15.
a5 Nbd7 16. Ra4 Ra8 17. g4 Bg6 18. Bf1 Bf8 19. Bg2 b5 20. axb6 Nxb6 21. Raa1
Ne4 22. Nxe4 Rxe4 23. Rxe4 Bxe4 24. c4 Bxf3 25. Bxf3 Qf6 26. Re1 g5 27. Bg3
Qxf3 28. Qxg5+ Kh8 29. Re3 Qd1+ 30. Kg2 Qd4 31. Qf5 Qg7 32. h4 Qg6 33. Qf4 f6
34. Re6 Re8 35. Rxf6 Qg7 36. Rf7 Qg8 37. Qf5 Nc8 38. Qh5 Qg6 39. Rxh7+ Qxh7 40.
Qxe8 1-0

[Event "VL 2017/18"]
[Site "Mecklenburg-Vorpommern"]
[Date "2018.03.18"]
[Round "7.7"]
[White "Bollnow, Alex"]
[Black "Voll, Andreas"]
[Result "1/2-1/2"]
[WhiteElo "1492"]
[BlackElo "1819"]
[PlyCount "70"]
[EventDate "2017.??.??"]
[EventType "team-tourn"]
[EventRounds "9"]
[SourceDate "2017.10.08"]
[WhiteTeam "SAV Torgelow"]
[BlackTeam "SF Schwerin III"]

1. e4 c5 2. Nf3 d6 3. d4 cxd4 4. Nxd4 Nf6 5. Nc3 a6 6. Be2 g6 7. Be3 Bg7 8. Qd2
h5 9. O-O-O Nbd7 10. f3 Ne5 11. h3 h4 12. f4 Nc6 13. Nxc6 bxc6 14. e5 Nd5 15.
Nxd5 cxd5 16. Qxd5 Be6 17. Qe4 O-O 18. exd6 exd6 19. Kb1 Bf5 20. Qd5 Qe8 21.
Qd2 Rb8 22. b3 a5 23. Bc4 a4 24. Bd4 axb3 25. Bxb3 Bxd4 26. Qxd4 Qc6 27. Rd2
Rfc8 28. Rc1 Be6 29. Kb2 Qc7 30. Rcd1 Qa5 31. Kb1 Rc6 32. Qf6 Ra6 33. Qb2 Qb4
34. Rd4 Qc5 35. R4d2 Qb4 1/2-1/2

[Event "VL 2017/18"]
[Site "Mecklenburg-Vorpommern"]
[Date "2018.03.18"]
[Round "7.8"]
[White "Jaeschke, Jonathan"]
[Black "Schmekel, Felix"]
[Result "1-0"]
[WhiteElo "1266"]
[BlackElo "1636"]
[PlyCount "76"]
[EventDate "2017.??.??"]
[EventType "team-tourn"]
[EventRounds "9"]
[SourceDate "2017.10.08"]
[WhiteTeam "SF Schwerin III"]
[BlackTeam "SAV Torgelow"]

1. c4 g6 2. Nc3 Bg7 3. g3 d6 4. Bg2 e5 5. e3 Ne7 6. Nge2 Nd7 7. b4 f5 8. O-O
O-O 9. Rb1 Nf6 10. Qb3 Kh8 11. d3 Rb8 12. Nd5 c6 13. Nxf6 Bxf6 14. b5 Be6 15.
Nc3 Bf7 16. Ba3 Rc8 17. bxc6 bxc6 18. Qa4 e4 19. Qc2 Re8 20. dxe4 Bxc4 21. Rfd1
d5 22. Rb7 Qa5 23. Bb4 Qa6 24. Rd7 fxe4 25. Na4 Be2 26. Rc1 Bg4 27. Nc5 Qb6 28.
Rb7 Qd8 29. h3 Bf3 30. Ne6 Qb6 31. Rxb6 axb6 32. Bc3 Ng8 33. Bxf6+ Nxf6 34.
Bxf3 Rxe6 35. Bg4 Nxg4 36. hxg4 c5 37. a4 Ra8 38. Rd1 Rd8 1-0

[Event "VL 2017/18"]
[Site "Mecklenburg-Vorpommern"]
[Date "2018.04.08"]
[Round "8.1"]
[White "Schmekel, Florian"]
[Black "Waschk, Armin"]
[Result "0-1"]
[WhiteElo "2040"]
[BlackElo "2117"]
[PlyCount "62"]
[EventDate "2017.??.??"]
[EventType "team-tourn"]
[EventRounds "9"]
[SourceDate "2017.10.08"]
[WhiteTeam "SAV Torgelow"]
[BlackTeam "SG Guestrow/Teterow"]

1. d4 Nf6 2. c4 e6 3. Nf3 d5 4. Nc3 Bb4 5. Bg5 O-O 6. e3 h6 7. Bxf6 Qxf6 8.
cxd5 exd5 9. Qb3 Bxc3+ 10. bxc3 Rd8 11. Bd3 b6 12. O-O c5 13. Qa3 Nc6 14. Bb5
Bg4 15. Nd2 Rac8 16. h3 Bd7 17. Bxc6 Qxc6 18. Nf3 Qc7 19. Rac1 Bf5 20. Rfd1 Rd6
21. dxc5 bxc5 22. c4 Rf6 23. cxd5 Bxh3 24. gxh3 Rxf3 25. d6 Qb6 26. d7 Qg6+ 27.
Kf1 Rd8 28. Qa5 Qf6 29. Rc2 Rxh3 30. Qxd8+ Qxd8 31. Rxc5 Rh1+ 0-1

[Event "VL 2017/18"]
[Site "Mecklenburg-Vorpommern"]
[Date "2018.04.08"]
[Round "8.2"]
[White "Dettmann, Gerd"]
[Black "Zentgraf, Robert"]
[Result "1/2-1/2"]
[WhiteElo "2107"]
[BlackElo "2107"]
[PlyCount "25"]
[EventDate "2017.??.??"]
[EventType "team-tourn"]
[EventRounds "9"]
[SourceDate "2017.10.08"]
[WhiteTeam "SG Guestrow/Teterow"]
[BlackTeam "SAV Torgelow"]

1. e4 c5 2. Nf3 Nc6 3. Bb5 g6 4. O-O Bg7 5. Nc3 d6 6. d3 Bd7 7. Re1 e5 8. Nd5
a6 9. Bc4 b5 10. Bb3 Na5 11. c3 Nxb3 {(=)} 12. Qxb3 h6 13. Be3 1/2-1/2

[Event "VL 2017/18"]
[Site "Mecklenburg-Vorpommern"]
[Date "2018.04.08"]
[Round "8.3"]
[White "Ispirjan, Mikael"]
[Black "Luther, Alexander"]
[Result "0-1"]
[WhiteElo "1993"]
[BlackElo "1973"]
[PlyCount "60"]
[EventDate "2017.??.??"]
[EventType "team-tourn"]
[EventRounds "9"]
[SourceDate "2017.10.08"]
[WhiteTeam "SAV Torgelow"]
[BlackTeam "SG Guestrow/Teterow"]

1. e4 c5 2. Nf3 d6 3. d4 cxd4 4. Nxd4 Nf6 5. Nc3 a6 6. g3 e6 7. Bg2 Be7 8. O-O
O-O 9. a4 Qc7 10. h3 Nc6 11. Be3 Rb8 12. Kh2 Bd7 13. f4 Nxd4 14. Bxd4 e5 15.
Be3 b5 16. g4 b4 17. Ne2 Bxg4 18. Qd2 Bxe2 19. Qxe2 a5 20. Rad1 Rbc8 21. Rf2
Qc4 22. Qf3 b3 23. c3 Qxa4 24. Rg1 Rc4 25. Qg3 g6 26. f5 Nxe4 27. Bxe4 Rxe4 28.
fxg6 fxg6 29. Qxg6+ hxg6 30. Rxg6+ Kh7 0-1

[Event "VL 2017/18"]
[Site "Mecklenburg-Vorpommern"]
[Date "2018.04.08"]
[Round "8.4"]
[White "Dettmann, Holger"]
[Black "Bauer, Norbert"]
[Result "1/2-1/2"]
[WhiteElo "1915"]
[BlackElo "1979"]
[PlyCount "66"]
[EventDate "2017.??.??"]
[EventType "team-tourn"]
[EventRounds "9"]
[SourceDate "2017.10.08"]
[WhiteTeam "SG Guestrow/Teterow"]
[BlackTeam "SAV Torgelow"]

1. d4 Nf6 2. Bf4 c5 3. e3 e6 4. c3 b6 5. Nf3 Bb7 6. Bd3 Be7 7. Nbd2 Nh5 8. Bxb8
Qxb8 9. Qc2 Nf6 10. e4 cxd4 11. cxd4 h6 12. O-O O-O 13. a3 Rc8 14. Qd1 d6 15.
Rc1 Rxc1 16. Qxc1 Qc8 17. Qb1 Qd7 18. Rc1 Rc8 19. Rxc8+ Qxc8 20. Qc2 Qxc2 21.
Bxc2 Kf8 22. Bd3 Nd7 23. Bb5 Nb8 24. Kf1 g5 25. h3 h5 26. e5 dxe5 27. Nxe5 Bf6
28. Ndf3 a6 29. Be2 Ke7 30. Nd2 Bxe5 31. dxe5 h4 32. Bf3 Bxf3 33. Nxf3 f6
1/2-1/2

[Event "VL 2017/18"]
[Site "Mecklenburg-Vorpommern"]
[Date "2018.04.08"]
[Round "8.5"]
[White "Ehlers, Michael"]
[Black "Kiel, Bernd"]
[Result "1/2-1/2"]
[WhiteElo "1858"]
[BlackElo "1892"]
[PlyCount "102"]
[EventDate "2017.??.??"]
[EventType "team-tourn"]
[EventRounds "9"]
[SourceDate "2017.10.08"]
[WhiteTeam "SAV Torgelow"]
[BlackTeam "SG Guestrow/Teterow"]

1. e4 d5 2. exd5 Nf6 3. d4 Bg4 4. Nf3 Qxd5 5. Be2 Nc6 6. c4 Qf5 7. Be3 e6 8.
Nbd2 Bb4 9. a3 Bxd2+ 10. Qxd2 O-O 11. h3 Bxf3 12. Bxf3 a5 13. O-O a4 14. Bd1
Rfd8 15. Bc2 Qh5 16. Qc3 Qa5 17. Rad1 Qxc3 18. bxc3 Na5 19. Bd3 c5 20. Rb1 Nb3
21. Rfd1 Kf8 22. Bc2 Na5 23. Bd3 Rdc8 24. Rb5 cxd4 25. cxd4 Nxc4 26. Rxb7 Nxe3
27. fxe3 Rc3 28. Bb5 Rxe3 29. Rc1 Nd5 30. Bxa4 Rxa3 31. Bb3 Ra1 32. Rxa1 Rxa1+
33. Kf2 Nf6 34. Kf3 g5 35. Rb5 h6 36. d5 exd5 37. Bxd5 Ra3+ 38. Bb3 Ne8 39. Kg4
Nf6+ 40. Kf5 Nd7 41. Bd5 Ra7 42. Bf3 Rc7 43. h4 gxh4 44. Bd5 Rc5 45. Rxc5 Nxc5
46. Kg4 Kg7 47. Kxh4 Ne6 48. Bc6 Kg6 49. g4 Ng5 50. Bd5 f6 51. Bc6 f5 1/2-1/2